Normal view
MARC view
Entry Personal Name
001 - CONTROL NUMBER
- control field: 1237003
003 - CONTROL NUMBER IDENTIFIER
- control field: OSt
005 - DATE AND TIME OF LATEST TRANSACTION
- control field: 20260430150256.0
008 - FIXED-LENGTH DATA ELEMENTS
- fixed length control field: 260430|| aca||aabn | a|a d
040 ## - CATALOGING SOURCE
- Original cataloging agency: OSt
- Transcribing agency: OSt
100 ## - HEADING--PERSONAL NAME
- Personal name: Tiwari Sanatan Au.; Sharma Sunil Gu
670 ## - SOURCE DATA FOUND
- Source citation: Work cat.: (OSt)1849392: Tiwari Sanatan Au.; Sharma Sunil Gu., Consumer Behaviour for Credence Quality Products : Empirical Evidence of Immunity Boostiing Products Category, 2022
